Normal view
MARC view
Entry Personal Name
001 - CONTROL NUMBER
- control field: 2889
003 - CONTROL NUMBER IDENTIFIER
- control field: OSt
005 - DATE AND TIME OF LATEST TRANSACTION
- control field: 20190302105704.0
008 - FIXED-LENGTH DATA ELEMENTS
- fixed length control field: 190302|| aca||aabn | a|a d
040 ## - CATALOGING SOURCE
- Original cataloging agency: OSt
- Transcribing agency: OSt
100 ## - HEADING--PERSONAL NAME
- Personal name: Singh, Yogesh Pratap
670 ## - SOURCE DATA FOUND
- Source citation: Work cat.: (OSt): Singh, Yogesh Pratap, Judicial review and process of judging:, 2018
